ნორმალური ფორმატი
MARC ფორმატი
ჩანაწერი Personal Name
ჩანაწერთა რაოდენობა, რომელიც გამოყენებულია: 1
001 - CONTROL NUMBER
- control field: 8554
003 - CONTROL NUMBER IDENTIFIER
- control field: GE_BSU
005 - DATE AND TIME OF LATEST TRANSACTION
- control field: 20200618141104.0
008 - FIXED-LENGTH DATA ELEMENTS
- fixed length control field: 200618|| aca||aabn | a|a d
040 ## - CATALOGING SOURCE
- Original cataloging agency: GE_BSU
- Transcribing agency: GE_BSU
100 ## - HEADING--PERSONAL NAME
- Personal name: Bates, Barbara,
- Dates associated with a name: 1928-2002.
- Title of a work: Guide to physical examination and history-taking.
670 ## - SOURCE DATA FOUND
- Source citation: Work cat.: (GE_BSU)0: Bickley, Lynn S. 8550, Bates' guide to physical examination and history-taking., c2013.
